Korrozionnaja stojkost´ reaktornych materialov. spravočnik /
Uložené v:
| Ďalší autori: | |
|---|---|
| Médium: | Kniha |
| Jazyk: | Russian |
| Vydané: |
Moskva :
Atomizdat,
1976.
|
| ISBN: |
Viaz. |
| Fyzický popis: |
505 s. |
| Tagy: |
Pridať tag
Žiadne tagy, Buďte prvý kto otaguje tento záznam!
|
Titul je dostupný aj v ... 

MARC
| LEADER | 00000nam a2200000 a 4500 | ||
|---|---|---|---|
| 001 | 000171868 | ||
| 005 | 20091212155928.0 | ||
| 008 | 040101 1976 xxr rus d | ||
| 020 | |a Viaz. | ||
| 040 | |a SVKKK |b slo |c SVKKK |e AACR2 | ||
| 041 | 0 | |a rus | |
| 044 | |a xxr |c RU | ||
| 245 | 0 | 0 | |a Korrozionnaja stojkost´ reaktornych materialov. spravočnik / |c Valentin Vladimirovič Gerasimov. |
| 260 | |a Moskva : |b Atomizdat, |c 1976. | ||
| 300 | |a 505 s. | ||
| 700 | 1 | |a Gerasimov, Valentin Vladimirovič |4 edt | |
| 910 | |a svkkk | ||
| 998 | |a BK | ||
| 090 | |g SCKHL |k Sklad Pribinova 2. posch. |a III.112384 |j 566317 |i 171868-10 |4 Zastaraná |s Vyradená | ||